01224nam a2200193 a 4500008004100000050001500041100001900056245004300075250001200118260004000130350000900170995014900179995013700328995014600465999001700611952013400628952013400762952013400896120416s1967 ||||||||||||||||| || u aTA 710 Ter aTerzaghi, Karl10aSoil mechanics in engineering practice a2nd ed. aNew YorkbJohn Wiley and Sonsc1967 a0.00 aMAIN LIBRARY OPEN ACCESSD0.00e713611FCBU-MAIN LIBRARY (Kitwe)H2I8.80jTA 710 TerM1UAVAILABLEy013936ZMain Library Open Access Collection aBINDERY (DAMAGED)D0.00e717581FCBU-MAIN LIBRARY (Kitwe)H1I8.80jTA 710 TerUDAMAGEDy013937ZMain Library Open Access Collection aMAIN LIBRARY OPEN ACCESSD0.00e726576FCBU-MAIN LIBRARY (Kitwe)H3I8.80jTA 710 TerUAVAILABLEy013938ZMain Library Open Access Collection c76634d76634 00102lcc4070a001b001cMain Library Open Access Collectiond2023-04-25l0oTA 710 Terp013936r2023-04-25t1w2023-04-25y002 00102lcc4070a001b001cMain Library Open Access Collectiond2023-04-25l0oTA 710 Terp013937r2023-04-25t2w2023-04-25y002 00102lcc4070a001b001cMain Library Open Access Collectiond2023-04-25l0oTA 710 Terp013938r2023-04-25t3w2023-04-25y002